Progressively Smaller Movies II Quiz Stats

 Plays Quiz Updated Jun 23, 2019

Score 0/20 Timer 05:00
5 Plays Today
% Correct
Mary Poppins
97.3%
Saving Private Ryan
95.6%
Mean Girls
94.8%
Brokeback Mountain
93.2%
Anchorman: The Legend of Ron Burgundy
90.8%
Bridesmaids
88.4%
Black Panther
88%
Pulp Fiction
87.5%
E.T. the Extra-Terrestrial
87%
Who Framed Roger Rabbit
86.8%
% Correct
Django Unchained
84.6%
To Kill a Mockingbird
81.6%
Planet of the Apes
79.1%
A Star is Born
75.8%
Inception
70.6%
Jerry Maguire
70.5%
Interview with the Vampire
70.5%
The Land Before Time
68.8%
Citizen Kane
64.1%
28 Days Later
51.5%

You're not logged in!

Compare scores with friends on all Sporcle quizzes.
OR
Log In

Sporcle TV

Today on Sporcle TV


Watch our educational content, quiz creation guides, and fun videos on Sporcle TV.

Show Comments

Extras

Top Quizzes Today


Score Distribution

Your Account Isn't Verified!

In order to create a playlist on Sporcle, you need to verify the email address you used during registration. Go to your Sporcle Settings to finish the process.

Report this User

Report this user for behavior that violates our Community Guidelines.

Details: